Birds by Letter - K - Statistics

General Stats
  • This quiz has been taken 32 times
  • The average score is 9 of 16
Answer Stats
Picture Answer % Correct
Kingfisher
97%
Kiwi
97%
Kestrel
87%
Kite
77%
Kookaburra
74%
Kea
65%
Kakapo
61%
Killdeer
52%
Kingbird
45%
Kittiwake
45%
Kagu
39%
Kinglet
39%
Koel
26%
Kiskadee
23%
Knot
23%
Kokako
13%
No matching quizzes found
Score Distribution
Percent of People with Each Score
Percentile by Number Answered
Your Score History
You have not taken this quiz